00817nam a2200193Ia 450000500170000000800410001702000180005803500210007604000500009704100080014710000240015524501520017926000370033130000180036850400530038665000850043965000680052465000310059220161012120741.0161012s2014 ck fr 001 0 spa d a9789583509940 a(OCoLC)903065499 aCO-BoUCMbspacSandra PalaciodSandra Palacio0 aspa1 aGil Botero, Enrique13aLa constitucionalización del derecho de daños bnuevo sistema de daños en la responsabilidad extracontractual del Estado cEnrique Gil Botero aBogotá (Colombia)bTemisc2014 a135 páginas aIncluye referencias bibliográficas e índices17aDaños y perjuiciosxResponsabilidad civil extracontractualvEstudioszColombia27aAdministración públicaxNormas constitucionalesvAnálisis27aResponsabilidad (Derecho)